| 000 | 00426nam a22001577a 4500 | ||
|---|---|---|---|
| 003 | ost | ||
| 005 | 20140310182215.0 | ||
| 008 | 130907t xxu||||| |||| 00| 0 eng d | ||
| 050 |
_aGV 875 _b.G381 1987 |
||
| 082 |
_aHS 796.3570973 _bG32 1987 |
||
| 245 |
_aThe score board book of baseball cards _cMichael Gershman. |
||
| 260 |
_aN.J : _bThe Score Board, _cc1987. |
||
| 300 | _a64 p. | ||
| 942 |
_2lcc _cHS |
||
| 999 |
_c10563 _d10563 |
||